1536 1131 1461 1629 1654 1493 1012 1075 1789 1515 1576 1747 1046 1076 1922 1885 1843 1084 1905 1326 1442 1676 1003 1608 1863 1398 1528 1991 1027 1602 1787 1406 1502 1934 1203 1965 1079 1100 1392 1874 1832 1694 1417 1935 1750 1393 1022 1166 1289 1932 1360 1139 1537 1522 1949 1184 1668 1140 1561 1529 1612 1848 1722 1159 1113 1504 1987 1913 1883 1452 1831 1611 1514 1583 1826 1387 1034 1071 1248 1768 1320 1836 1915 1830 1183 1627 1918 1512 1989 1508 1207 1250 1128 1998 1551 1739 1036 1177 1322 BCNSPRNW ULIB Ver.6.0+V

เปลี่ยนเป็นภาษาไทย

Change to English
 แสดงรายละเอียดบรรณานุกรม
  กลับหน้าหลัก

Brief Record : Get Marc (ISO 2709) : E-mail record : QR code < ปิดหน้าต่าง
LEADER : 00000nam 2200000uu 4500
001    13399125237
003     ULIB
008    161122s2558||||th 000 0 tha d
050  4 ^aHD1593^bส181ก
245 00 ^aการดูแลคนพิการทางการเห็น ;^bคู่มือหลักสูตรอบรมจิตอาสา อาสาสมัครสำหรับดูแลคนพิการทางร่างกายและการเคลื่อนไหว /^cสถาบันสิรินธรเพื่อการฟื้นฟูสมรรถภาพทางการแพทย์แห่งชาติ กรมการแพทย์ กระทรวงสาธารณสุข
250    ^aพิมพ์ครั้งที่ 1
260    ^aนนทบุรี :^bบริษัทสหมิตรพริ้นติ้งแอนด์พับลิสชิ่ง จำกัด,^c2558
300    ^a30หน้า ;^c21 ซม.
650  4 ^aคู่มือ
650  4 ^aคนพิการ^xการเห็น
710 2  ^aสถาบันสิรินธรเพื่อการฟื้นฟูสมรรถภาพทางการแพทย์แห่งชาติ^bกรมการแพทย์ กระทรวงสาธารณสุข
945    ^p0^l0^i001541
999 ^a ^aวรรณษา ชูชัยมงคล
รายการนี้ยังไม่มีแท็ก
คุณยังไม่ได้ล็อกอิน คุณสามารถมีกิจกรรมร่วมกับเว็บไซต์ได้ แต่ต้องล็อกอินก่อน ::
  ล็อกอิน

รายการสื่อสารสนเทศ

ลำดับที่ ประเภท เลขเรียก/บาร์โค้ด สถานที่ สถานะ
1. Book การพยาบาล
Book การพยาบาล
HD1593 ส181ก ฉ.1 
  Barcode: 001541
ห้องสมุดวิทยาเขตสวรรค์ประชารักษ์
►หนังสือทั่วไป
บนชั้น

รายการใกล้เคียง
    หัวเรื่อง [คู่มือ]

BibComment


ยังไม่เคยถูกคอมเมนท์

คอมเมนท์ทรัพยากรรายการนี้
  คอมเมนท์: การดูแลคนพิการทา..


 Copyright 2026. Bcnsprnw @Library